X1, X2, X3
Salvato in:
| Autore principale: | |
|---|---|
| Natura: | Libro |
| Lingua: | spagnolo |
| Pubblicazione: |
Viña del Mar, Chile
Universidad Católica de Valparaíso
1984
|
| Soggetti: | |
| Tags: |
Aggiungi Tag
Nessun Tag, puoi essere il primo ad aggiungerne!!
|
MARC
| LEADER | 00000nam a2200000 a 4500 | ||
|---|---|---|---|
| 001 | UCN8882 | ||
| 003 | CL-VaPUC | ||
| 005 | 20230531074353.0 | ||
| 008 | 011123e19840000CL |||||||||||||||||spa|d | ||
| 999 | |c 298619 |d 298617 | ||
| 040 | |c Pontificia Universidad Católica de Valparaíso | ||
| 082 | 0 | 4 | |a Ch861 IOM 1984 |2 21 |
| 100 | |a Iommi Marini, Godofredo Tito |e autor |9 857986 | ||
| 245 | 1 | 0 | |a X1, X2, X3 |
| 260 | 0 | 3 | |a Viña del Mar, Chile |b Universidad Católica de Valparaíso |c 1984 |
| 300 | |a paginación irregular | ||
| 583 | |a last modification |c 20120606 06:54:25 |k Rodrigo Vera | ||
| 650 | 0 | |a Poesías chilenas |9 265280 | |
| 650 | 0 | |a Literatura chilena |9 308278 | |
| 650 | 0 | |a Académicos |x Pontificia Universidad Católica de Valparaíso (PUCV) |9 255553 | |
| 650 | 0 | |a Archivo histórico PUCV |9 255554 | |
| 942 | |c BK |2 ddc | ||
| 945 | |d 20011123 00:00:00 |a vberengu | ||
| 952 | |0 0 |1 0 |2 ddc |4 0 |6 CH_861_000000000000000_IOM_1984 |7 0 |8 A |9 354333 |a BIBART |b BIBART |d 2019-11-21 |i 3748960 |l 12 |o Ch861 IOM 1984 |p 3748960 |q 2025-07-31 |r 2025-03-13 |s 2024-12-19 |t 3 |w 2019-11-21 |y BK |k ART | ||
| 952 | |0 0 |1 0 |2 ddc |4 0 |6 CH_861_000000000000000_IOM_1984 |7 0 |8 A |9 354334 |a BIBARQ |b BIBARQ |d 2019-11-21 |i 3154270 |o Ch861 IOM 1984 |p 3154270 |r 2025-01-20 |t 2 |w 2019-11-21 |y BK |k ARQ | ||
| 952 | |0 0 |1 0 |2 ddc |4 0 |6 CH_861_000000000000000_IOM_1984 |7 0 |8 X |9 354335 |a FDOBUD |b FDOBUD |d 2019-11-21 |i 1083015 |o Ch861 IOM 1984 |p 1083015 |r 2019-11-21 |t 1 |w 2019-11-21 |y BK_X |k FHP | ||